000
00290nam a22001337a 4500
008
170908b xxu||||| |||| 00| 0 eng d
020
_a
2900195315829
041
_a
eng
080
_a
91
100
_a
42
101
_a
GEO
245
_a
WHY GEOGRAPHY MATTERS
_c
HARM.B
942
_2
udc
_c
BK
999
_c
26835
_d
26835